Economic development: past and present
Enregistré dans:
| Auteur principal: | |
|---|---|
| Format: | Livre |
| Langue: | anglais |
| Publié: |
Englewood Cliffs
Prentice-Hall
1967
|
| Édition: | 2a. ed |
| Collection: | Foundations of Modern Economic Series
|
| Sujets: | |
| Tags: |
Ajouter un tag
Pas de tags, Soyez le premier à ajouter un tag!
|
MARC
| LEADER | 00000nam a2200000 a 4500 | ||
|---|---|---|---|
| 001 | UCQ1215 | ||
| 003 | CL-VaPUC | ||
| 008 | 980709e19670000us |||||||||||||||||eng|d | ||
| 082 | 0 | 4 | |a 338.9 |b GIL |2 21 |
| 100 | |a Gill, Richard T |e author |9 414910 | ||
| 245 | 1 | 0 | |a Economic development: past and present |
| 250 | |a 2a. ed | ||
| 300 | |a 120 p | ||
| 942 | |c BK | ||
| 945 | |d 19980709 00:00:00 |a crobeson | ||
| 260 | |a Englewood Cliffs |b Prentice-Hall |c 1967 | ||
| 650 | 0 | |a Desarrollo económico y social |9 256320 | |
| 650 | 0 | |a Crecimiento económico |9 314037 | |
| 650 | 0 | |a Historia económica |9 307218 | |
| 650 | 0 | |a Teoría económica |9 315055 | |
| 650 | 0 | |a Países en desarrollo |9 259663 | |
| 650 | 7 | |a SUBDESARROLLO |2 CL-VaPUC |9 337696 | |
| 583 | |a last modification |c 20150428 03:56:31 |k Rodrigo Vera | ||
| 490 | 0 | |a Foundations of Modern Economic Series | |
| 999 | |c 272219 |d 272217 | ||
| 952 | |0 0 |1 0 |4 0 |6 338_900000000000000_GIL_1967 |7 0 |8 A |9 307104 |a BIBENE |b BIBENE |d 2019-11-20 |i 1432230 |o 338.9 GIL 1967 |p 1432230 |r 2025-01-15 |w 2019-11-20 |y BK |k ICO | ||